| 000 | 00344nam a2200133Ia 4500 | ||
|---|---|---|---|
| 008 | 240624s9999 xx 000 0 und d | ||
| 041 | _aeng | ||
| 082 | _a658.3 McN | ||
| 100 | _aMCNAIR FRANK | ||
| 245 | _aIT S OK TO ASK EM TO WORK AND OTHER ESSE | ||
| 260 |
_c2000 _aNew York _bAmacom |
||
| 300 | _axvii, : 154 : p. : cm. ; 23 | ||
| 365 |
_c _b30 |
||
| 999 |
_c16385 _d16385 |
||